| 000 | 00983cam a22002775a 4500 | ||
|---|---|---|---|
| 001 | 016536055 | ||
| 003 | OSt | ||
| 005 | 20201128021400.0 | ||
| 008 | 131105t2014 enka frb 001 0 eng d | ||
| 020 | _a9781292020693 (paperback) | ||
| 020 | _a1292020695 (paperback) | ||
| 040 |
_aUk _beng _cUk _dEG-ScBUE |
||
| 082 | 0 | 4 |
_222 _a658.302 _bROB |
| 100 | 1 |
_aRobbins, Stephen P., _d1943- _98040 |
|
| 245 | 1 | 0 |
_aTraining in interpersonal skills : _bTIPS for managing people at work / _cStephen Robbins, Phillip Hunsaker. |
| 250 | _a6th ed., Pearson new international ed. | ||
| 260 |
_aHarlow : _bPearson Education Limited, _cc.2014. |
||
| 300 |
_aii, 376 p. : _bill. ; _c28 cm. |
||
| 500 | _aIndex : p. 371-376. | ||
| 504 | _aIncludes bibliographical references. | ||
| 650 | 7 |
_aSupervision of employees. _2BUEsh _93347 |
|
| 650 | 7 |
_aInterpersonal communication. _2BUEsh _9821 |
|
| 653 |
_bBUSADM _cJune2015 _cFebruary2016 |
||
| 700 | 1 |
_aHunsaker, Phillip L. _93349 |
|
| 942 | _2ddc | ||
| 999 |
_c20028 _d20000 |
||